| 000 | 00595nam a2200193 4500 | ||
|---|---|---|---|
| 001 | 132259 | ||
| 003 | ES-MaACL | ||
| 005 | 20240530062939.0 | ||
| 007 | t| | ||
| 008 | 070214s1977 sp r ||||1| spa d | ||
| 100 | 0 |
_aRoldán, Mariano, _d1932-2019 _999139 |
|
| 245 | 1 | 0 |
_aAlerta, amantes / _cMariano Roldán. |
| 260 |
_aMadrid : _b[s.n.], _c1977 ( _fGráf. Uguina) |
||
| 300 |
_a33 p. ; _c20 cm. |
||
| 490 | 1 |
_aCuadernos aldonza de poesía ; _v1 |
|
| 830 | 0 |
_aCuadernos aldonza de poesía ; _v1 _9219642 |
|
| 852 |
_aES-MaACL _j2093-F-13 _bR.96128 |
||
| 999 |
_c132259 _d132259 |
||